[Event "Europa ch s-14"]
[Site "Herceg Novi MNT"]
[Date "2008.09.18"]
[Round "4.2"]
[White "Grigoryan, Karen H"]
[Black "Fedoseev, Vladimir"]
[Result "1/2-1/2"]
[WhiteElo "2097"]
[BlackElo "2321"]
[PlyCount "106"]
[EventDate "2008.09.15"]
[EventType "swiss"]
[EventRounds "9"]
[Source "lmi"]
[SourceDate "2008.09.15"]

1. e4 e5 2. Nf3 Nc6 3. Bb5 Nf6 4. Qe2 a6 5. Ba4 b5 6. Bb3 Bc5 7. O-O O-O 8. c3
Bb7 9. h3 d5 10. d3 dxe4 11. dxe4 Qc8 12. Kh2 Bd6 13. Nbd2 Ne7 14. a4 Ng6 15.
g3 c5 16. c4 b4 17. Bc2 Qc6 18. Re1 h6 19. Nf1 Qc7 20. b3 Ne7 21. Bb2 Nc6 22.
Ne3 Nd4 23. Bxd4 cxd4 24. Nd5 Nxd5 25. cxd5 Qc3 26. Bd3 Qc8 27. Nd2 Qd8 28. Nc4
Rc8 29. Rac1 a5 30. Rc2 Bb8 31. Rec1 f5 32. f3 Ba6 33. exf5 Qxd5 34. Qe4 Qxe4
35. fxe4 Rc5 36. g4 Rfc8 37. h4 Bc7 38. Nb2 Rxc2+ 39. Rxc2 Bd8 40. Rxc8 Bxc8
41. Kg3 Bc7 42. Bc4+ Kf8 43. Nd3 Bd6 44. g5 Bb7 45. Nf2 Bc6 46. Kg4 Be8 47. Bd5
Bd7 48. Kh5 Be8+ 49. Kg4 Bd7 50. Kf3 Be7 51. gxh6 gxh6 52. Ng4 Be8 53. Bc4 Bh5
1/2-1/2

[Event "Europa ch s-14"]
[Site "Herceg Novi MNT"]
[Date "2008.09.18"]
[Round "4.3"]
[White "Bukavshin, Ivan"]
[Black "Srbis, Jurica"]
[Result "1/2-1/2"]
[WhiteElo "2350"]
[BlackElo "2116"]
[PlyCount "47"]
[EventDate "2008.09.15"]
[EventType "swiss"]
[EventRounds "9"]
[Source "lmi"]
[SourceDate "2008.09.15"]

1. c4 e5 2. g3 Nc6 3. Bg2 g6 4. Nc3 Bg7 5. e3 d6 6. Nge2 Nge7 7. O-O O-O 8. d3
f5 9. Rb1 a5 10. a3 Kh8 11. b4 axb4 12. axb4 Ng8 13. b5 Nce7 14. Qb3 c6 15. f4
Nf6 16. Ba3 Ng4 17. Rf3 cxb5 18. Nxb5 e4 19. dxe4 fxe4 20. Rff1 Nf5 21. Bc1 Qb6
22. Nbd4 Qc5 23. Rd1 Bd7 24. Qxb7 1/2-1/2

[Event "Europa ch s-14"]
[Site "Herceg Novi MNT"]
[Date "2008.09.18"]
[Round "4.4"]
[White "Mammadov, Zaur Fazahir Oglu"]
[Black "Dragun, Kamil"]
[Result "1-0"]
[WhiteElo "2114"]
[BlackElo "2240"]
[PlyCount "91"]
[EventDate "2008.09.15"]
[EventType "swiss"]
[EventRounds "9"]
[Source "lmi"]
[SourceDate "2008.09.15"]

1. e4 c5 2. c3 d5 3. exd5 Qxd5 4. Nf3 Nf6 5. d4 Bg4 6. Be2 Nc6 7. h3 Bh5 8. O-O
e6 9. Na3 Be7 10. Be3 cxd4 11. Nb5 O-O 12. Nfxd4 Bxe2 13. Qxe2 Nxd4 14. Bxd4
Qc6 15. Be5 Nd7 16. Nd4 Qb6 17. Bf4 Bf6 18. Be3 Qc7 19. Nb5 Qb8 20. Rfd1 Rd8
21. Rd2 a6 22. Nd6 Qc7 23. Rad1 b5 24. Bf4 Qc6 25. Qe4 Qb6 26. Nxf7 Nc5 27.
Rxd8+ Rxd8 28. Rxd8+ Bxd8 29. Qf3 Bf6 30. Ne5 Bxe5 31. Bxe5 Qd8 32. Qc6 Nd3 33.
Qxe6+ Kh8 34. Bd4 Nf4 35. Qe5 Qf8 36. Bc5 Nd3 37. Bxf8 Nxe5 38. b3 Nd3 39. c4
Kg8 40. Bd6 Kf7 41. cxb5 axb5 42. a4 Ke6 43. Bf8 Kf7 44. a5 Ne5 45. a6 Nd7 46.
Bc5 1-0

[Event "Europa ch s-14"]
[Site "Herceg Novi MNT"]
[Date "2008.09.18"]
[Round "4.5"]
[White "Andreev, Sasho"]
[Black "Sochacki, Christophe"]
[Result "1/2-1/2"]
[WhiteElo "2021"]
[BlackElo "2221"]
[PlyCount "67"]
[EventDate "2008.09.15"]
[EventType "swiss"]
[EventRounds "9"]
[Source "lmi"]
[SourceDate "2008.09.15"]

1. d4 Nf6 2. c4 c5 3. d5 b5 4. cxb5 a6 5. b6 d6 6. Nc3 Nbd7 7. Nf3 Nxb6 8. e4
Bg4 9. a4 g6 10. h3 Bxf3 11. Qxf3 Bg7 12. a5 Nbd7 13. Qd1 O-O 14. Be2 Qc7 15.
O-O Rfb8 16. Qc2 Rb4 17. Ra4 Ne8 18. Nd1 Ndf6 19. Ne3 Rxa4 20. Qxa4 Rb8 21. Bd2
Qb7 22. Bc3 Nc7 23. Bd3 Nb5 24. Nc4 e6 25. dxe6 fxe6 26. Nxd6 Nxd6 27. e5 Nd5
28. exd6 Bxc3 29. bxc3 Rd8 30. Qe4 Qd7 31. Bxa6 Nxc3 32. Qc4 Qxd6 33. Bb7 Qe5
34. Bf3 1/2-1/2

[Event "Europa ch s-14"]
[Site "Herceg Novi MNT"]
[Date "2008.09.18"]
[Round "4.6"]
[White "Bajarani, Ulvi"]
[Black "Musialkiewicz, Jan"]
[Result "1-0"]
[WhiteElo "2202"]
[BlackElo "2061"]
[PlyCount "83"]
[EventDate "2008.09.15"]
[EventType "swiss"]
[EventRounds "9"]
[Source "lmi"]
[SourceDate "2008.09.15"]

1. e4 c5 2. Nf3 e6 3. d3 Nc6 4. g3 Nge7 5. Bg2 g6 6. O-O Bg7 7. c3 d5 8. Qe2
O-O 9. e5 h6 10. h4 Qc7 11. Re1 b6 12. Nbd2 Ba6 13. Nf1 d4 14. c4 Bb7 15. Bf4
a6 16. N1d2 Nb4 17. Rec1 Kh7 18. a3 Bxf3 19. Nxf3 Nbc6 20. Qe4 Na5 21. Rab1 Nb3
22. Re1 b5 23. h5 bxc4 24. dxc4 Rab8 25. Nh4 Qa5 26. Qd3 Rg8 27. Kh2 Bf8 28.
Be4 Qa4 29. Qc2 Qd7 30. Bd3 Nf5 31. hxg6+ fxg6 32. Nxf5 gxf5 33. Bxf5+ exf5 34.
e6 Qb7 35. Qxf5+ Kh8 36. e7 Bg7 37. Bxb8 Qxb8 38. Qd3 Be5 39. Re4 Na5 40. f4
Bf6 41. b4 Nc6 42. Re6 1-0

[Event "Europa ch s-14"]
[Site "Herceg Novi MNT"]
[Date "2008.09.18"]
[Round "4.7"]
[White "Juhasz, Kristof"]
[Black "Doros, Radu Marian"]
[Result "1/2-1/2"]
[WhiteElo "2175"]
[BlackElo "2051"]
[PlyCount "50"]
[EventDate "2008.09.15"]
[EventType "swiss"]
[EventRounds "9"]
[Source "lmi"]
[SourceDate "2008.09.15"]

1. d4 Nf6 2. Nf3 c5 3. c4 cxd4 4. Nxd4 e5 5. Nb5 d5 6. cxd5 Bc5 7. N5c3 O-O 8.
g3 Re8 9. Bg2 e4 10. O-O Bf5 11. Bg5 Nbd7 12. Nd2 h6 13. Bxf6 Nxf6 14. Nc4 a6
15. a3 Qd7 16. Qb3 Bh3 17. Rad1 Qf5 18. d6 Rad8 19. Qxb7 Qh5 20. Nd5 Bxg2 21.
Kxg2 Qxe2 22. Nxf6+ gxf6 23. d7 Qf3+ 24. Kh3 Qh5+ 25. Kg2 Qf3+ 1/2-1/2

[Event "Europa ch s-14"]
[Site "Herceg Novi MNT"]
[Date "2008.09.18"]
[Round "4.8"]
[White "Sanchez Ibern, Marc"]
[Black "Grib, Roman"]
[Result "0-1"]
[WhiteElo "2161"]
[BlackElo "2033"]
[PlyCount "55"]
[EventDate "2008.09.15"]
[EventType "swiss"]
[EventRounds "9"]
[Source "lmi"]
[SourceDate "2008.09.15"]

1. e4 c5 2. Nf3 d6 3. d4 cxd4 4. Nxd4 Nf6 5. Nc3 g6 6. g3 Nc6 7. Nde2 h5 8. h3
Bd7 9. Bg2 Qc8 10. Nd5 Bg7 11. c3 Ne5 12. Nd4 Nxd5 13. exd5 Qc4 14. Qb3 Nd3+
15. Kf1 Nxb2+ 16. Kg1 Qxb3 17. axb3 Nd3 18. Be3 Nc5 19. Ra3 O-O 20. Kh2 a6 21.
Re1 Bf6 22. Rea1 Rac8 23. R1a2 h4 24. b4 hxg3+ 25. Kxg3 Nd3 26. f4 g5 27. fxg5
Be5+ 28. Kf3 0-1

[Event "Europa ch s-14"]
[Site "Herceg Novi MNT"]
[Date "2008.09.18"]
[Round "4.9"]
[White "Tallo Dominguez, Imar"]
[Black "Seegert, Kristian"]
[Result "0-1"]
[WhiteElo "2129"]
[BlackElo "2024"]
[PlyCount "104"]
[EventDate "2008.09.15"]
[EventType "swiss"]
[EventRounds "9"]
[Source "lmi"]
[SourceDate "2008.09.15"]

1. e4 e5 2. Nf3 Nc6 3. Bb5 Nge7 4. O-O g6 5. c3 Bg7 6. d4 exd4 7. cxd4 a6 8.
Bxc6 dxc6 9. h3 O-O 10. Nc3 Be6 11. Bg5 h6 12. Bf4 f5 13. Be5 fxe4 14. Nxe4 Bd5
15. Qd3 Nf5 16. Rfd1 Nh4 17. Nxh4 Qxh4 18. Ng3 Kh7 19. Bxc7 Rf7 20. Bb6 Raf8
21. Rf1 Rf3 22. Qe2 R3f4 23. b3 h5 24. Bc5 R8f7 25. Rae1 Qg5 26. Bd6 Rxd4 27.
Qe3 Qxe3 28. fxe3 Rxf1+ 29. Rxf1 Rd3 30. Bf4 Bh6 31. Bxh6 Kxh6 32. Re1 h4 33.
Nf1 Be4 34. Rc1 Bd5 35. Kf2 Be6 36. Ke2 Rd5 37. Nd2 Ra5 38. Rc2 g5 39. e4 Kg6
40. Ke3 Rb5 41. Kd4 Kf6 42. Nf3 Rb4+ 43. Kc5 Rxe4 44. Nd4 b6+ 45. Kxc6 Rxd4 46.
Kxb6 Rd6+ 47. Kc5 Rd5+ 48. Kb6 a5 49. Rb2 Ke5 50. a4 Rd3 51. b4 axb4 52. Rxb4
Rb3 0-1

[Event "Europa ch s-14"]
[Site "Herceg Novi MNT"]
[Date "2008.09.18"]
[Round "4.11"]
[White "Pintor Munoz, Antonio"]
[Black "Wieczorek, Oskar"]
[Result "1/2-1/2"]
[WhiteElo "2076"]
[BlackElo "2232"]
[PlyCount "50"]
[EventDate "2008.09.15"]
[EventType "swiss"]
[EventRounds "9"]
[Source "lmi"]
[SourceDate "2008.09.15"]

1. d4 Nf6 2. c4 c5 3. d5 b5 4. cxb5 a6 5. bxa6 g6 6. Nc3 Bxa6 7. e4 Bxf1 8.
Kxf1 d6 9. Nf3 Nbd7 10. g3 Bg7 11. Kg2 O-O 12. Re1 Qa5 13. e5 Ng4 14. exd6 exd6
15. Bf4 Rfb8 16. Re2 Qa6 17. Rc1 Nge5 18. Nxe5 Nxe5 19. Bxe5 Bxe5 20. b3 Rb4
21. Rd2 Qb7 22. Rcc2 Rd4 23. Qe2 Ra6 24. Qf3 Rxd2 25. Rxd2 Qb4 1/2-1/2

[Event "Europa ch s-14"]
[Site "Herceg Novi MNT"]
[Date "2008.09.18"]
[Round "4.12"]
[White "Moiseenko, Vadim"]
[Black "Draskovic, Luka"]
[Result "1-0"]
[WhiteElo "2225"]
[BlackElo "1988"]
[PlyCount "69"]
[EventDate "2008.09.15"]
[EventType "swiss"]
[EventRounds "9"]
[Source "lmi"]
[SourceDate "2008.09.15"]

1. e4 c5 2. c3 Nf6 3. e5 Nd5 4. d4 cxd4 5. Nf3 Nc6 6. cxd4 d6 7. Bc4 Nb6 8. Bb5
d5 9. O-O Bg4 10. h3 Bxf3 11. Qxf3 e6 12. Be3 Be7 13. Nc3 O-O 14. Qg4 Re8 15.
Bh6 Bf8 16. Rad1 a6 17. Bd3 Nc4 18. Bxc4 dxc4 19. Rfe1 Nb4 20. Re3 Kh8 21. Ne4
Nd5 22. Rf3 Qe7 23. Bg5 Qd7 24. Qh4 b5 25. Qh5 g6 26. Qh4 b4 27. Bh6 Qe7 28.
Ng5 f5 29. exf6 Nxf6 30. Rxf6 Qxf6 31. Bxf8 h5 32. Bd6 Qf5 33. Ne4 Red8 34.
Bxb4 e5 35. d5 1-0

[Event "Europa ch s-14"]
[Site "Herceg Novi MNT"]
[Date "2008.09.18"]
[Round "4.13"]
[White "Danilenko, Dmitriy"]
[Black "Gabuzyan, Hovhannes"]
[Result "0-1"]
[WhiteElo "2209"]
[BlackElo "2079"]
[PlyCount "118"]
[EventDate "2008.09.15"]
[EventType "swiss"]
[EventRounds "9"]
[Source "lmi"]
[SourceDate "2008.09.15"]

1. e4 c5 2. c3 d5 3. exd5 Qxd5 4. d4 Nf6 5. Nf3 e6 6. Be3 cxd4 7. cxd4 Bb4+ 8.
Nc3 O-O 9. Bd3 b6 10. Qb3 Qxb3 11. axb3 a5 12. Ke2 Ba6 13. Nb5 Nbd7 14. Bd2
Bxd2 15. Kxd2 Rad8 16. Nd6 Bxd3 17. Kxd3 Nd5 18. Nc4 Nf4+ 19. Kc2 Nxg2 20. Nfe5
Nxe5 21. dxe5 Rb8 22. Rad1 Nf4 23. Rd6 Nd5 24. Ne3 Rbc8+ 25. Kd2 Nxe3 26. Kxe3
Rc5 27. f4 Rb5 28. Rd3 f6 29. exf6 Rxf6 30. Rc1 e5 31. Rc8+ Rf8 32. Rxf8+ Kxf8
33. fxe5 Rxe5+ 34. Kf3 Ke7 35. Kf2 Ke6 36. Kf3 Rd5 37. Rc3 Rc5 38. Re3+ Kd6 39.
Re2 g6 40. Kf4 Rd5 41. Re8 Rh5 42. Kg3 Rg5+ 43. Kf3 Kc5 44. Re7 Kb4 45. Rxh7
Kxb3 46. h4 Rh5 47. Rb7 b5 48. Kg4 b4 49. Rb6 Kxb2 50. Rxg6 Rxh4+ 51. Kxh4 a4
52. Rg4 Ka3 53. Rg1 b3 54. Ra1+ Kb4 55. Kg4 b2 56. Rb1 a3 57. Kf3 Kb3 58. Re1
a2 59. Re3+ Kc4 0-1

[Event "Europa ch s-14"]
[Site "Herceg Novi MNT"]
[Date "2008.09.18"]
[Round "4.14"]
[White "Schreiner, Till"]
[Black "Pardo Simon, David"]
[Result "0-1"]
[WhiteElo "2041"]
[BlackElo "2204"]
[PlyCount "30"]
[EventDate "2008.09.15"]
[EventType "swiss"]
[EventRounds "9"]
[Source "lmi"]
[SourceDate "2008.09.15"]

1. d4 Nf6 2. c4 e6 3. Nc3 Bb4 4. e3 b6 5. Bd3 Bb7 6. Nf3 Ne4 7. Qc2 f5 8. O-O
Bxc3 9. bxc3 O-O 10. Nd2 Qh4 11. f3 Ng5 12. Be2 Rf6 13. Rd1 Nh3+ 14. Kh1 Qf2
15. gxh3 Rg6 0-1

[Event "Europa ch s-14"]
[Site "Herceg Novi MNT"]
[Date "2008.09.18"]
[Round "4.15"]
[White "Talipov, Nafis"]
[Black "Mokhov, Vladimir"]
[Result "0-1"]
[WhiteElo "2029"]
[BlackElo "2201"]
[PlyCount "102"]
[EventDate "2008.09.15"]
[EventType "swiss"]
[EventRounds "9"]
[Source "lmi"]
[SourceDate "2008.09.15"]

1. d4 e6 2. Nf3 b6 3. Bg5 Be7 4. Bf4 Bb7 5. e3 Nf6 6. Bd3 c5 7. c3 d6 8. Nbd2
cxd4 9. exd4 Nbd7 10. O-O O-O 11. Qe2 a6 12. Rae1 Qc7 13. Ng5 h6 14. Nxe6 fxe6
15. Qxe6+ Rf7 16. Bg6 Raf8 17. Bxf7+ Rxf7 18. c4 Nf8 19. Qe3 Bc8 20. h3 b5 21.
b3 Qa5 22. Ra1 Ne6 23. Bh2 Nh5 24. Ne4 bxc4 25. bxc4 d5 26. Nd6 Bxd6 27. Bxd6
dxc4 28. Rab1 Qd5 29. Rb8 Qxd6 30. Rxc8+ Rf8 31. Rxc4 Qd5 32. Rc2 Nhf4 33. f3
Qf5 34. Rd2 Nc7 35. Qe5 Qf7 36. Kh2 Re8 37. Qa5 h5 38. Rc2 Ncd5 39. Rd2 Ne3 40.
Rff2 Nc4 41. Qxa6 Nxd2 42. Rxd2 Nd5 43. Re2 Qc7+ 44. g3 Rd8 45. Qe6+ Kh8 46.
Qg6 Nf6 47. Qd3 h4 48. Qg6 Qc4 49. Rc2 Qxd4 50. Qg5 hxg3+ 51. Qxg3 Re8 0-1

[Event "Europa ch s-14"]
[Site "Herceg Novi MNT"]
[Date "2008.09.18"]
[Round "4.16"]
[White "Pasiev, Rakhim"]
[Black "Van Der Lende, Ilias"]
[Result "1/2-1/2"]
[WhiteElo "2178"]
[BlackElo "1978"]
[PlyCount "69"]
[EventDate "2008.09.15"]
[EventType "swiss"]
[EventRounds "9"]
[Source "lmi"]
[SourceDate "2008.09.15"]

1. e4 e6 2. d4 d5 3. Nc3 Bb4 4. e5 c5 5. a3 Bxc3+ 6. bxc3 Qc7 7. Qg4 f5 8. exf6
Nxf6 9. Qg3 Qxg3 10. hxg3 b6 11. Nf3 Ba6 12. Bd3 O-O 13. Bf4 c4 14. Be2 Ne4 15.
Ng5 Nxg5 16. Bxg5 Nd7 17. Bg4 Rae8 18. Bf4 Bb7 19. O-O Nf6 20. Bf3 Ne4 21. Bxe4
dxe4 22. a4 Bc6 23. Rfb1 Rc8 24. Rb4 Bd7 25. Kf1 Rf5 26. Rb2 g5 27. Be3 Ra5 28.
Rba2 Rf8 29. Ke2 Bc6 30. Kf1 Kg7 31. Kg1 Kg6 32. Kh2 Bd7 33. g4 Bc6 34. Kg3 Rf7
35. Ra3 1/2-1/2

[Event "Europa ch s-14"]
[Site "Herceg Novi MNT"]
[Date "2008.09.18"]
[Round "4.17"]
[White "Kraus, Tomas"]
[Black "Nikologorskiy, Konstantin"]
[Result "0-1"]
[WhiteElo "2024"]
[BlackElo "2174"]
[PlyCount "64"]
[EventDate "2008.09.15"]
[EventType "swiss"]
[EventRounds "9"]
[Source "lmi"]
[SourceDate "2008.09.15"]

1. Nf3 Nf6 2. d4 d5 3. e3 c6 4. Bd3 Nbd7 5. O-O Ne4 6. Bxe4 dxe4 7. Nfd2 Nf6 8.
c4 Bf5 9. Nc3 e6 10. f3 exf3 11. Qxf3 Be7 12. Kh1 O-O 13. e4 Bg4 14. Qg3 Qxd4
15. Rxf6 Bxf6 16. Qxg4 Qd3 17. Qe2 Rfd8 18. Kg1 Qxe2 19. Nxe2 Bxb2 20. Nb3 Rd1+
21. Kf2 Bxa1 22. Nxa1 e5 23. Nb3 Rad8 24. Be3 a6 25. Bb6 R8d3 26. h3 Rb1 27. c5
Rb2 28. Nbc1 Rc3 29. Ke1 Re3 30. Bc7 f6 31. Kd1 Rxe4 32. Ke1 Rc2 0-1

[Event "Europa ch s-14"]
[Site "Herceg Novi MNT"]
[Date "2008.09.18"]
[Round "4.20"]
[White "Straka, Josef Jr"]
[Black "Malureanu, Costin George"]
[Result "1/2-1/2"]
[WhiteElo "2122"]
[BlackElo "1858"]
[PlyCount "82"]
[EventDate "2008.09.15"]
[EventType "swiss"]
[EventRounds "9"]
[Source "lmi"]
[SourceDate "2008.09.15"]

1. e4 c5 2. Nf3 Nc6 3. d4 cxd4 4. Nxd4 Nf6 5. Nc3 d6 6. Bg5 e6 7. Qd2 a6 8.
O-O-O Bd7 9. f3 Rc8 10. Kb1 Be7 11. h4 b5 12. Nxc6 Rxc6 13. Ne2 h6 14. Be3 e5
15. Nc3 Qa5 16. Nd5 Qxd2 17. Rxd2 Nxd5 18. exd5 Rc8 19. g3 O-O 20. Be2 f5 21.
f4 e4 22. h5 Kh7 23. Bd4 Bf6 24. c3 Bxd4 25. Rxd4 Rg8 26. Rh3 g5 27. hxg6+ Rxg6
28. Rd1 Rc5 29. Kc2 Bc8 30. b4 Rc7 31. Kb3 Rcg7 32. Rdh1 Bb7 33. a4 Bxd5+ 34.
Kb2 Bc6 35. axb5 axb5 36. Kc2 Rf6 37. Ra1 d5 38. Ra6 Rgf7 39. Rb6 Bd7 40. Rb7
Bc6 41. Rb6 Bd7 1/2-1/2

[Event "Europa ch s-14"]
[Site "Herceg Novi MNT"]
[Date "2008.09.18"]
[Round "4.21"]
[White "Havas, Janko"]
[Black "Kotainy, Jens"]
[Result "0-1"]
[WhiteElo "1930"]
[BlackElo "2112"]
[PlyCount "84"]
[EventDate "2008.09.15"]
[EventType "swiss"]
[EventRounds "9"]
[Source "lmi"]
[SourceDate "2008.09.15"]

1. d4 Nf6 2. c4 e6 3. Nf3 c5 4. d5 b5 5. Bg5 exd5 6. cxd5 d6 7. e4 a6 8. a4 b4
9. Bd3 Be7 10. O-O O-O 11. h3 Nxd5 12. Bxe7 Nxe7 13. Qc2 Ng6 14. e5 Bb7 15.
Nbd2 dxe5 16. Bxg6 hxg6 17. Nxe5 Nd7 18. Ndc4 Nxe5 19. Nxe5 Qd5 20. f4 b3 21.
Qf2 Rfd8 22. Rac1 Rac8 23. Nc4 Qd4 24. Rfd1 Qxd1+ 25. Rxd1 Rxd1+ 26. Kh2 Rd4
27. Qf1 Rcd8 28. Qc1 Be4 29. Ne3 c4 30. h4 Bc2 31. a5 Bd3 32. Kg3 Re8 33. Ng4
f6 34. Qc3 Ree4 35. Qb4 Rxf4 36. Qb8+ Kh7 37. Nh6 g5 38. Nf7 Rg4+ 39. Kh2 Rxh4+
40. Kg3 Rhg4+ 41. Kf3 Rdf4+ 42. Ke3 Rg3+ 0-1

[Event "Europa ch s-14"]
[Site "Herceg Novi MNT"]
[Date "2008.09.18"]
[Round "4.25"]
[White "Galopoulos, Panagiotis"]
[Black "Pecurica, Milos"]
[Result "1-0"]
[WhiteElo "2200"]
[BlackElo "1942"]
[PlyCount "37"]
[EventDate "2008.09.15"]
[EventType "swiss"]
[EventRounds "9"]
[Source "lmi"]
[SourceDate "2008.09.15"]

1. e4 c5 2. Nf3 d6 3. c3 Nf6 4. e5 dxe5 5. Nxe5 e6 6. d4 cxd4 7. cxd4 Bb4+ 8.
Nc3 O-O 9. Bd3 Qc7 10. O-O Bxc3 11. bxc3 Qxc3 12. Bg5 Nbd7 13. Rc1 Qa5 14. Re1
b6 15. Re3 Nd5 16. Bxh7+ Kh8 17. Rh3 Nxe5 18. Be4+ Kg8 19. Rh8+ 1-0

[Event "Europa ch s-14"]
[Site "Herceg Novi MNT"]
[Date "2008.09.18"]
[Round "4.26"]
[White "Wertjanz, David"]
[Black "Meskovs, Nikita"]
[Result "0-1"]
[WhiteElo "2010"]
[BlackElo "2177"]
[PlyCount "86"]
[EventDate "2008.09.15"]
[EventType "swiss"]
[EventRounds "9"]
[Source "lmi"]
[SourceDate "2008.09.15"]

1. e4 c5 2. Nf3 e6 3. d4 cxd4 4. Nxd4 a6 5. Bd3 Bc5 6. Nb3 Be7 7. O-O Qc7 8. c4
Nf6 9. Nc3 d6 10. Qe2 Nbd7 11. f4 b6 12. Bd2 Bb7 13. Rae1 h5 14. Nd4 g6 15. b4
Rc8 16. Rc1 Qb8 17. Nf3 h4 18. Rfe1 h3 19. Nd5 exd5 20. exd5 O-O 21. Bxg6 fxg6
22. Qe6+ Rf7 23. Ng5 Rcf8 24. Nxf7 Rxf7 25. Qxh3 Bc8 26. Qg3 Nf8 27. Qc3 Bf5
28. Rxe7 Nxd5 29. cxd5 Rxe7 30. Qf6 Rf7 31. Qd4 Nd7 32. Bc3 Rh7 33. h3 Qd8 34.
Bb2 Qe7 35. g4 Qh4 36. gxf5 Qg3+ 37. Kf1 Qxh3+ 38. Ke2 Qg2+ 39. Qf2 Re7+ 40.
Be5 Qg4+ 41. Kd2 dxe5 42. fxg6 exf4 43. Rc8+ Nf8 0-1

[Event "Europa ch s-14"]
[Site "Herceg Novi MNT"]
[Date "2008.09.18"]
[Round "4.27"]
[White "Stoyanov, Ivaylo"]
[Black "Tkachev, Grigory"]
[Result "1-0"]
[WhiteElo "1978"]
[BlackElo "2124"]
[PlyCount "91"]
[EventDate "2008.09.15"]
[EventType "swiss"]
[EventRounds "9"]
[Source "lmi"]
[SourceDate "2008.09.15"]

1. e4 c5 2. Nf3 Nc6 3. d4 cxd4 4. Nxd4 Nf6 5. Nc3 e5 6. Ndb5 d6 7. Nd5 Nxd5 8.
exd5 Ne7 9. c4 Ng6 10. Bd3 Be7 11. O-O a6 12. Nc3 O-O 13. Kh1 f5 14. f3 Bf6 15.
Be3 e4 16. fxe4 f4 17. Bg1 Be5 18. Be2 Qh4 19. Bf3 Bxc3 20. bxc3 Ne5 21. c5 g5
22. Bf2 Qh6 23. Bd4 g4 24. Bxe5 gxf3 25. Bxd6 fxg2+ 26. Kxg2 Qh3+ 27. Kh1 Bg4
28. Rg1 h5 29. Qf1 Qe3 30. Re1 Qd2 31. Qg2 Qxg2+ 32. Rxg2 f3 33. Rf2 Rf7 34.
Rg1 Kh7 35. Rg3 Re8 36. e5 Rf4 37. e6 Rc4 38. Rgxf3 Bxf3+ 39. Rxf3 Re4 40. Rf7+
Kh6 41. Rxb7 Re2 42. Rb8 Rxb8 43. Bxb8 Kg6 44. c6 Re3 45. c7 Rxc3 46. d6 1-0

[Event "Europa ch s-14"]
[Site "Herceg Novi MNT"]
[Date "2008.09.18"]
[Round "4.28"]
[White "Horvat, Dan-Sebastian"]
[Black "Siclovan, Cristian-Danut"]
[Result "1-0"]
[WhiteElo "2096"]
[BlackElo "1946"]
[PlyCount "75"]
[EventDate "2008.09.15"]
[EventType "swiss"]
[EventRounds "9"]
[Source "lmi"]
[SourceDate "2008.09.15"]

1. e4 e6 2. d4 d5 3. Nd2 c5 4. exd5 exd5 5. Ngf3 Nf6 6. Bb5+ Bd7 7. Bxd7+ Nbxd7
8. O-O Be7 9. Re1 O-O 10. dxc5 Nxc5 11. Nf1 Qd7 12. c3 Rad8 13. Be3 b6 14. Qc2
Ne6 15. Rad1 Qc7 16. Bd4 b5 17. Ne3 Nxd4 18. Nxd4 a6 19. a3 Bc5 20. g3 Rfe8 21.
Kg2 Qb6 22. Qb3 Kf8 23. Qc2 g6 24. Qc1 Kg7 25. h4 Re5 26. Nc4 bxc4 27. Rxe5 Ne4
28. f3 Qc7 29. Rxe4 dxe4 30. fxe4 Re8 31. Re1 Qe5 32. Nf3 Qe6 33. Qd2 Qb6 34.
Re2 Rd8 35. Qf4 f6 36. e5 fxe5 37. Qxe5+ Kg8 38. Qe4 1-0

[Event "Europa ch s-14"]
[Site "Herceg Novi MNT"]
[Date "2008.09.18"]
[Round "4.29"]
[White "Ostovic, Matija"]
[Black "Andersen, Mads"]
[Result "1-0"]
[WhiteElo "1976"]
[BlackElo "2092"]
[PlyCount "103"]
[EventDate "2008.09.15"]
[EventType "swiss"]
[EventRounds "9"]
[Source "lmi"]
[SourceDate "2008.09.15"]

1. Nf3 c5 2. c4 b6 3. g3 Bb7 4. Bg2 Nf6 5. Nc3 e6 6. O-O Be7 7. Re1 d6 8. e4 a6
9. d4 cxd4 10. Nxd4 Qc7 11. Qe2 Nbd7 12. Bd2 O-O 13. Kh1 Rfe8 14. f4 Kh8 15. g4
Rac8 16. g5 Ng8 17. b3 Bf8 18. Qf2 g6 19. Re3 Bg7 20. Rh3 Nf8 21. f5 Be5 22.
Nf3 exf5 23. exf5 b5 24. Nxe5 Bxg2+ 25. Qxg2 Rxe5 26. Nd5 Qc6 27. Bc3 bxc4 28.
bxc4 gxf5 29. Re1 Ng6 30. Bxe5+ dxe5 31. Rc3 f6 32. Nxf6 Nxf6 33. Qxc6 Rxc6 34.
gxf6 Rxf6 35. c5 Rc6 36. Rd1 Kg7 37. Rd6 Rxd6 38. cxd6 Kf7 39. Rc7+ Ke6 40.
Rxh7 Nf8 41. Ra7 e4 42. Rxa6 e3 43. Kg2 Kd7 44. Ra7+ Kxd6 45. Rf7 Ne6 46. Rxf5
Nd4 47. Rf4 Ne2 48. Re4 Nc3 49. Rxe3 Nxa2 50. h4 Nb4 51. h5 Nc2 52. Rg3 1-0

[Event "Europa ch s-14"]
[Site "Herceg Novi MNT"]
[Date "2008.09.18"]
[Round "4.30"]
[White "Bulatovic, Nikola"]
[Black "Malamatas, Konstantinos"]
[Result "1/2-1/2"]
[WhiteElo "2089"]
[BlackElo "1897"]
[PlyCount "62"]
[EventDate "2008.09.15"]
[EventType "swiss"]
[EventRounds "9"]
[Source "lmi"]
[SourceDate "2008.09.15"]

1. e4 c5 2. Nf3 Nc6 3. d4 cxd4 4. Nxd4 g6 5. c4 Bg7 6. Be3 Nf6 7. Nc3 d6 8. Be2
Nxd4 9. Bxd4 O-O 10. O-O Bd7 11. Rc1 Bc6 12. f3 Nd7 13. b4 Bxd4+ 14. Qxd4 Qb6
15. Qxb6 Nxb6 16. Rc2 Rfc8 17. Rfc1 Bd7 18. Nd5 Nxd5 19. cxd5 Rxc2 20. Rxc2 Rc8
21. Rxc8+ Bxc8 22. Kf2 f5 23. Ke3 Kg7 24. Kd4 Kf6 25. a4 fxe4 26. fxe4 b6 27.
g3 a5 28. bxa5 bxa5 29. Bd3 Bb7 30. h4 Bc8 31. Be2 Bd7 1/2-1/2

[Event "Europa ch s-14"]
[Site "Herceg Novi MNT"]
[Date "2008.09.18"]
[Round "4.31"]
[White "Kadric, Denis"]
[Black "Skoulakis, Charalambos"]
[Result "1-0"]
[WhiteElo "1904"]
[BlackElo "2050"]
[PlyCount "57"]
[EventDate "2008.09.15"]
[EventType "swiss"]
[EventRounds "9"]
[Source "lmi"]
[SourceDate "2008.09.15"]

1. c4 Nf6 2. g3 e5 3. Bg2 Bc5 4. Nc3 O-O 5. e3 Re8 6. d3 c6 7. Nge2 d5 8. cxd5
cxd5 9. d4 exd4 10. exd4 Bb4 11. O-O Nc6 12. Bg5 Bxc3 13. Nxc3 Be6 14. f4 h6
15. Bh4 Ne7 16. Bxf6 gxf6 17. Qh5 Nf5 18. g4 Ne3 19. f5 Bd7 20. Rf3 Qb6 21.
Rxe3 Qxd4 22. Bxd5 Rxe3 23. Qg6+ Kh8 24. Qxh6+ Kg8 25. Qg6+ Kh8 26. Qh5+ Kg8
27. Qxf7+ Kh8 28. Qh5+ Kg7 29. Qg6+ 1-0

[Event "Europa ch s-14"]
[Site "Herceg Novi MNT"]
[Date "2008.09.19"]
[Round "5.1"]
[White "Bajarani, Ulvi"]
[Black "Kovalev, Vladislav"]
[Result "1-0"]
[WhiteElo "2202"]
[BlackElo "2315"]
[PlyCount "97"]
[EventDate "2008.09.15"]
[EventType "swiss"]
[EventRounds "9"]
[Source "lmi"]
[SourceDate "2008.09.15"]

1. e4 c5 2. Nf3 Nc6 3. d4 cxd4 4. Nxd4 Nf6 5. Nc3 e5 6. Ndb5 d6 7. Bg5 a6 8.
Na3 b5 9. Nd5 Be7 10. Bxf6 Bxf6 11. c4 b4 12. Nc2 Rb8 13. b3 O-O 14. g3 Bg5 15.
h4 Bh6 16. Bh3 Be6 17. Qf3 a5 18. Kf1 Ne7 19. Nxe7+ Qxe7 20. Kg2 a4 21. Rad1
Rb6 22. Rhe1 Ra8 23. Qd3 g6 24. Bxe6 fxe6 25. Qe2 axb3 26. axb3 Ra2 27. Ra1
Rba6 28. Rxa2 Rxa2 29. Ra1 Rxa1 30. Nxa1 Qb7 31. Qd3 Bf8 32. Nc2 Kf7 33. f3 Be7
34. Qd2 d5 35. exd5 exd5 36. cxd5 Bc5 37. Qd3 Ke7 38. h5 Qb6 39. Qe4 Kf6 40.
Qh4+ Kg7 41. h6+ Kf7 42. Qc4 Ke7 43. Ne1 Bf2 44. Qe4 Kf6 45. f4 Bd4 46. Nf3 Qd6
47. g4 Bc3 48. fxe5+ Bxe5 49. g5+ 1-0